000 00638nam a2200205 a 4500
999 _c916
_d916
001 916
003 BD-JhCC
005 20220623134023.0
008 171011s1973 bg |||| |||| 000 0 ben d
035 _a(BD-JhCC) 916
040 _aBD-JhCC
_dBD-JhCC
041 _aben
082 _a891.443
_bAHA 1973
100 _aআহমেদ, হুমায়ুন
245 _aশঙ্খনীল কারাগার /
_cহুমায়ূন আহমেদ
260 _aঢাকা:
_bঅন্যপ্রকাশ,
_c১৯৭৩
300 _a৮৫ পৃ.;
_c২০ সে.মি.
650 _aBengali Novel
942 _2ddc
_cBK
_010